駅名に「センター」が含まれる日本の鉄道駅 - Statistics

General Stats
  • This quiz has been taken 85 times
  • The average score is 11 of 29
Answer Stats
路線名 Answer % Correct
京王相模原線 京王多摩センター
88%
小田急多摩線 小田急多摩センター
88%
横浜市営地下鉄ブルーライン/グリーンライン センター北
79%
横浜市営地下鉄ブルーライン/グリーンライン センター南
78%
多摩都市モノレール 多摩センター
74%
阪神本線 尼崎センタープール前
51%
東京モノレール 流通センター
51%
山万ユーカリが丘線 地区センター
50%
仙台市営地下鉄東西線 国際センター
47%
名古屋市営地下鉄桜通線 国際センター
47%
ゆりかもめ テレコムセンター
43%
秩父鉄道秩父本線 ソシオ流通センター
40%
上毛電気鉄道上毛線 心臓血管センター
33%
六甲ライナー アイランドセンター
33%
ニュートラム トレードセンター前
32%
ポートライナー 計算科学センター
29%
千葉都市モノレール スポーツセンター
24%
名古屋市営地下鉄名城線 総合リハビリセンター
22%
ポートライナー 貿易センター
22%
東西線 バスセンター前
19%
和歌山電鐵貴志川線 交通センター前
19%
ポートライナー 医療センター
15%
金沢シーサイドライン 産業振興センター
11%
宇都宮ライトレール 芳賀町工業団地管理センター前
11%
熊本電鉄本線 再春医療センター前
11%
宇都宮ライトレール 清原地区市民センター前
10%
万葉線 急患医療センター前
8%
広島電鉄 商工センター入口
7%
長崎電気軌道 メディカルセンター
7%
No matching quizzes found
Score Distribution
Percent of People with Each Score
Percentile by Number Answered
Your Score History
You have not taken this quiz